Social work and action: (Record no. 37158)

MARC details
000 -LEADER
fixed length control field 00766nam a22002177a 4500
005 - DATE AND TIME OF LATEST TRANSACTION
control field 20100722111141.0
008 - FIXED-LENGTH DATA ELEMENTS--GENERAL INFORMATION
fixed length control field 100722t xxu||||| |||| 00| 0 eng d
010 ## - LCCN (DPL NO)
LC control number ENG-96705
020 ## - INTERNATIONAL STANDARD BOOK NUMBER
Terms of availability 100.00
035 ## - SYSTEM CONTROL NUMBER
System control number EN-80238
037 ## - SOURCE OF ACQUISITION
Source of stock number/acquisition DBAD/PUB
040 ## - CATALOGING SOURCE
Original cataloging agency dpl
Language of cataloging English
082 ## - DEWEY DECIMAL CLASSIFICATION NUMBER
Classification number 361
100 ## - MAIN ENTRY--PERSONAL NAME
Personal name Chakraborty, Shibsankar
9 (RLIN) 625
245 ## - TITLE STATEMENT
Title Social work and action:
Remainder of title thoughts and experience /
Statement of responsibility, etc by Shibsankar Chakraborty
260 ## - PUBLICATION, DISTRIBUTION, ETC. (IMPRINT)
Place of publication, distribution, etc Kolkata
Name of publisher, distributor, etc National Council of Education,
Date of publication, distribution, etc 2009
270 ## - ADDRESS
Address 188, Raja Subodh Mullik Road,
City Kolkata
Postal code 700032
300 ## - PHYSICAL DESCRIPTION
Extent 159 p.
Dimensions 22 cm (pbk)
942 ## - ADDED ENTRY ELEMENTS (KOHA)
Source of classification or shelving scheme Dewey Decimal Classification
Item type English Books
Call number suffix CHA
Classification part 361
Holdings
Withdrawn status Lost status Source of classification or shelving scheme Damaged status Not for loan Collection code Home library Current library Date acquired Source of acquisition Cost, normal purchase price Total Checkouts Full call number Barcode Date last seen Copy number Cost, replacement price Koha item type
    Dewey Decimal Classification   Not For Loan Non-fiction D.B.Act.Division D.B.Act.Division 22/07/2010 DBAD/PUB 100.00   CHA EN-80238 22/07/2010 1 100.00 English Books

© Delhi Public Library
Hit Counter
free hit counter